000 00331nam a2200145Ia 4500
008 221030s9999 xx 000 0 und d
041 _aEnglish
082 _a105.23
_bSax
100 _aP. B. Saxena
245 0 _aIIT Chemistry
260 _bKrishna Prakashan
_aMeerut
_c1995
300 _a1684
650 _aChemistry
942 _cBK
999 _c7455
_d7455